A country doctor's notebook / (Record no. 4802)
[ view plain ]
| 000 -LEADER | |
|---|---|
| fixed length control field | 01204cam a2200301 i 4500 |
| 001 - CONTROL NUMBER | |
| control field | 1748952 |
| 003 - CONTROL NUMBER IDENTIFIER | |
| control field | GZU |
| 005 - DATE AND TIME OF LATEST TRANSACTION | |
| control field | 20210324093233.0 |
| 008 - FIXED-LENGTH DATA ELEMENTS--GENERAL INFORMATION | |
| fixed length control field | 750703s1975 enk 000 1 eng |
| 010 ## - LIBRARY OF CONGRESS CONTROL NUMBER | |
| LC control number | 75317699 |
| 020 ## - INTERNATIONAL STANDARD BOOK NUMBER | |
| International Standard Book Number | 0002621037 : |
| Terms of availability | £2.95 |
| 040 ## - CATALOGING SOURCE | |
| Original cataloging agency | DLC |
| Transcribing agency | DLC |
| Modifying agency | DLC |
| 041 1# - LANGUAGE CODE | |
| Language code of text/sound track or separate title | eng |
| Language code of original | rus |
| 050 00 - LIBRARY OF CONGRESS CALL NUMBER | |
| Classification number | PG3476 |
| Item number | Co3 |
| Classification number | PG3476.B78 |
| 082 00 - DEWEY DECIMAL CLASSIFICATION NUMBER | |
| Classification number | 891.7/3/42 |
| 100 1# - MAIN ENTRY--PERSONAL NAME | |
| Personal name | Bulgakov, Mikhail, |
| Dates associated with a name | 1891-1940. |
| 245 12 - TITLE STATEMENT | |
| Title | A country doctor's notebook / |
| Statement of responsibility, etc. | Mikhail Bulgakov ; translated from the Russian by Michael Glenny. |
| 260 ## - PUBLICATION, DISTRIBUTION, ETC. | |
| Place of publication, distribution, etc. | London : |
| Name of publisher, distributor, etc. | Collins, |
| Date of publication, distribution, etc. | 1975. |
| 300 ## - PHYSICAL DESCRIPTION | |
| Extent | 158 p. ; |
| Dimensions | 22 cm. |
| 500 ## - GENERAL NOTE | |
| General note | Several of these stories were originally published in Russian under title: Zapiski i︠u︡nogo vracha. |
| 505 0# - FORMATTED CONTENTS NOTE | |
| Formatted contents note | The embroidered towel.--The steel windpipe.--Black as Egypt's night.--Baptism by rotation.--The speckled rash.--The blizzard.--The vanishing eye.--Morphine.--The murderer. |
| 600 10 - SUBJECT ADDED ENTRY--PERSONAL NAME | |
| Personal name | Bulgakov, Mikhail, |
| Dates associated with a name | 1891-1940 |
| Form subdivision | Translations into English. |
| 650 #0 - SUBJECT ADDED ENTRY--TOPICAL TERM | |
| Topical term or geographic name entry element | Country life |
| Geographic subdivision | Russia |
| Form subdivision | Fiction. |
| 651 #0 - SUBJECT ADDED ENTRY--GEOGRAPHIC NAME | |
| Geographic name | Russia |
| General subdivision | Social life and customs |
| Form subdivision | Fiction. |
| 906 ## - LOCAL DATA ELEMENT F, LDF (RLIN) | |
| a | 7 |
| b | cbc |
| c | orignew |
| d | 3 |
| e | ncip |
| f | 19 |
| g | y-gencatlg |
| 942 ## - ADDED ENTRY ELEMENTS (KOHA) | |
| Source of classification or shelving scheme | Library of Congress Classification |
| Koha item type | Books |
| Classification part | 3476 |
| Item part | PG |
| Call number prefix | BUL |
| Call number suffix | 1975 |
| Withdrawn status | Lost status | Damaged status | Not for loan | Collection code | Home library | Current library | Shelving location | Date acquired | Total Checkouts | Full call number | Barcode | Date last seen | Copy number | Price effective from | Koha item type |
|---|---|---|---|---|---|---|---|---|---|---|---|---|---|---|---|
| Non-fiction | City Campus Library | City Campus Library | General Stacks | 03/24/2021 | PG3476 BUL 1975 | 027749 | 03/24/2021 | c.1 | 03/24/2021 | Books |